000 00719nam a2200253Ia 4500
003 OSt
005 20221006143154.0
006 a|||||r|||| 00| 0
007 ta
008 221006b |||||||| |||| 00| 0 eng d
020 _c200.00
024 _a8,233
037 _cTextual
040 _aEASL
_cEASL
_beng
041 _2eng
_aeng
082 _aX:5.42Oj433.N4, M6
100 _aSWAN William L
_9649290
245 0 _aJapanese economic activity in Siam
260 _aGaya
_bCenter for South East Asian Studies India
_c1986
300 _a133p.
_ccm.
490 _v JEL
_acenter for souteast asian studies
942 _hX:5.42Oj433.N4, M6
_cTEXL
_2CC
999 _c1076319
_d1076319